Sporcle Speed-Picking II Quiz Stats

 Plays Quiz Updated Sep 7, 2015

Challenge
Share
Tweet
Embed
Score 0/50 Timer 02:00
10 Plays Today
% Correct
South America
94.5%
Antarctica
93%
Africa
91.8%
Europe
91.4%
Asia
90.1%
Ariel
84.8%
White Sox
84.5%
Yankees
83.5%
Belle
83.2%
Japan
82.5%
Jasmine
82.5%
Philippines
82.1%
Cinderella
81.4%
Virgo
79.1%
Cancer
78.8%
Gemini
78.7%
Laos
77.1%
Aurora
76.5%
Taurus
76.5%
Kyrgyzstan
76.4%
Capricorn
74.7%
Phillies
74.7%
Padres
73.6%
Astros
72.7%
John
70.1%
% Correct
Peter
69.4%
Blitzen
65%
Vixen
65%
Donner
64.6%
Dancer
64.5%
Comet
63.3%
Philip
62.5%
Andrew
60.2%
Georgia
60.2%
Zeus
52.1%
Bartholomew
48.5%
Apollo
47.3%
Mars
46.9%
Jupiter
46.6%
Earth
45.9%
Mercury
45.8%
Neptune
45.3%
Athena
45.2%
Aphrodite
43.9%
Hera
41.9%
Manchester United
37.8%
Liverpool
36.3%
Chelsea
34.4%
Arsenal
33.3%
Everton
32%

You're not logged in!

Compare scores with friends on all Sporcle quizzes.
Join for Free
OR
Log In

You Might Also Like...

Show Comments

Extras

Top Quizzes Today


Score Distribution

Your Account Isn't Verified!

In order to create a playlist on Sporcle, you need to verify the email address you used during registration. Go to your Sporcle Settings to finish the process.

Report this User

Report this user for behavior that violates our Community Guidelines.

Details: